000 00956cab a2200265 4500
001 WB3241-07
008 090401t1996 xxu||||| |||| 00| 0 eng d
035 _a(Sirsi) u39784
041 _aeng
245 _a£1m damages claim after 12-year fight
260 _c1996
300 _aSee also WB3238-45
350 _a0
490 _aDaily Telegraph
_v26 October 1996, 3(2)
520 _aThe High Court`s decision to allow a couple to claim over £1m damages for the effects of blight on their Norfolk home from a road development, is the first time a judicial review has successfully challenged a decision by the Ombudsman`s office.
650 _aBALCHIN
650 _aBLIGHT
650 _aCompulsory purchase
_96228
650 _aHIGH COURT
650 _aOMBUDSMAN
650 _aROAD SCHEMES
690 _aENVIRONMENTAL AND LAND CONSULTANCY-PLANNING AND DEVELOPMENT-COMPULSORY PURCHASE AND COMPENSATION
942 _n0
948 _c04/03/1997
999 _c25469
_d25469